| 000 | 00359 a2200145 4500 | ||
|---|---|---|---|
| 001 | 70615 | ||
| 020 | _a8570265360 | ||
| 040 | _cAnchieta - Itaigara | ||
| 240 | 1 | 0 |
_aNova enciclopédia Barsa _lpor |
| 245 | 1 | 0 | _aNova enciclopédia Barsa |
| 300 | _a588 | ||
| 362 | 0 | _a2001 | |
| 650 | 4 | _aEnciclopédias gerais (almanaques,anuários enciclopédicos | |
| 942 | _cBK | ||
| 999 |
_c70615 _d70615 |
||